00578nam a22002057a 450000500170000001000110001702000100002803500110003803700160004904000120006508200150007710000230009224500810011526000370019627000340023330000210026750000510028865000120033965000210035120170124110144.0 a749776 c00.00 a749776 bCen Lib/Ret aDPLbEN a621.3bSIL aSilverberg, Robert aLight for the world :cby Robert Silverbergbedison and the power industry / bD. Van NostrandaPrincetonc1967 bNew Jerseya120 Alexander St. a281p. c20cm(Hb) aIncludes bibliographical references and index  aPhysics aGeneral electric